000 00489cam a22002051 4500
001 sa 66001442
003 DLC
005 20260227112222.0
008 881028s1964 xx 000 0 hino
010 _asa 66001442
035 _a(OCoLC)23548254
040 _aDLC
_cMiU
_dDLC
042 _apremarc
050 0 0 _aPK1718.G463
_bE53
100 1 _aGhosal, Panchanan,
_d1905-
245 1 0 _aEkaṭi nirmama hatyā.
260 _c[1964]
300 _a147 p.
_c19 cm.
500 _aRomanized.
999 _c67815
_d67815